The changing institutional landscape of planning

Αποθηκεύτηκε σε:
Λεπτομέρειες βιβλιογραφικής εγγραφής
Άλλοι συγγραφείς: Albrechts, L. (Επιμελητής έκδοσης), Alden, Jeremy (Επιμελητής έκδοσης), Rosa Pires, Artur da (Επιμελητής έκδοσης)
Μορφή: Βιβλίο
Γλώσσα:English
Δημοσίευση: Aldershot, Hants, England : Ashgate, c2001
Σειρά:Urban and regional planning and development
Θέματα:
Ετικέτες: Προσθήκη ετικέτας
Δεν υπάρχουν, Καταχωρήστε ετικέτα πρώτοι!

MARC

LEADER 00000nam a2200000 i 4500
001 1/5698
008 100315s2001 eng d
020 |a 0-7546-1374-7 
035 |l 10107257 
040 |a GR-MY-UA  |b gre  |e aacr 
041 0 |a eng 
082 0 |a 307.1216094  |2 (22) 
245 1 4 |a The changing institutional landscape of planning /  |c edited by Louis Albrechts, Jeremy Alden, Artur da Rosa Pires 
260 |a Aldershot, Hants, England :   |b Ashgate,   |c c2001 
300 |a xii, 275 σ.;  |b εικ., χάρτες;  |c 23 εκ. 
490 1 |a Urban and regional planning and development 
504 |a Περιέχει βιβλιογραφικές παραπομπές και ευρετήριο 
650 0 0 |a City planning  |z Europe. 
650 0 0 |a Regional planning  |z Europe. 
651 0 |a Europe  |x Social policy. 
700 1 |a Albrechts, L.  |4 edt 
700 1 |a Alden, Jeremy.  |4 edt 
700 1 |a Rosa Pires, Artur da.  |4 edt 
830 0 |a Urban and regional planning and development 
852 |a INST  |b LESVOS  |e 20100315  |h 307.1216094 CHA  |p 005100046165  |q 005100046165  |t BK  |y 0 
901 |a BIBL1-2010-1 
909 |a Λ  |b 152220 
922 |a 1ΕΛΗ  |b 200803  |c ΕΠΕΑΕΚ2/ΤΓ  |d ΕΛΕΥΘΕΡΟΥΔΑΚΗΣ 
970 |a ΓΙΑΛΑΜΑ  |b ΜΑΡΙΑ  |z 2010/03/15